Cómo se lee y examina un balance / (Record no. 120171)

MARC details
000 -LEADER
campo de control de longitud fija 00435nam a2200145 4500
001 - NÚMERO DE CONTROL
campo de control 120171
003 - IDENTIFICADOR DE NÚMERO DE CONTROL
campo de control ES-MaACL
007 - CAMPO FIJO DE DESCRIPCIÓN FÍSICA--INFORMACIÓN GENERAL
campo de control de longitud fija t|
008 - DATOS DE LONGITUD FIJA--INFORMACIÓN GENERAL
campo de control de longitud fija 070214s1939 sp r ||||1| spa d
100 1# - ENTRADA PRINCIPAL--NOMBRE DE PERSONA
Nombre de persona Piqué Batlle, Ricardo.
9 (RLIN) 92319
245 10 - MENCIÓN DEL TÍTULO
Título Cómo se lee y examina un balance /
Mención de responsabilidad, etc. por Ricardo Piqué Batlle.
260 ## - PUBLICACIÓN, DISTRIBUCIÓN, ETC.
Lugar de publicación, distribución, etc. Barcelona :
Nombre del editor, distribuidor, etc. [s. n.],
Fecha de publicación, distribución, etc. 1939 (
Fabricante Imp. Clarassó)
300 ## - DESCRIPCIÓN FÍSICA
Extensión 310 p. ;
Dimensiones 22 cm.
852 ## - LOCALIZACIÓN
Ubicación ES-MaACL
Número de control de estantería B-9146
Sublocalización o colección R.18779
Holdings
Estatus retirado Estado de pérdida Estado de daño No para préstamo Biblioteca de origen Biblioteca actual Ubicación en estantería Fecha de adquisición Fuente de adquisición Total de préstamos Signatura topográfica completa Código de barras Visto por última vez Precio de reemplazo Tipo de ítem Koha
        Biblioteca del Ateneo de Madrid Biblioteca del Ateneo de Madrid Sala Pardo Bazán 17/01/2008     B-9146 1125260 23/02/2023 23/02/2023 Libro impreso